000 00459pab a2200169 454500
008 180718b1998 xxu||||| |||| 00| 0 eng d
100 _aBhattacherjee, Debashis
245 _aTop management remuneration and firm performance: an exploratory analysis
260 _c1998
300 _ap.M10-15
362 _a28 Feb
650 _aManagers
700 _aRavi Shanker, G.
700 _aJairam, S.
773 _aEconomic and Political Weekly
909 _a36862
999 _c36862
_d36862